Culture Générale - Série 597 - Statistiques

Statistiques générales
  • Ce quiz a été pris 196 fois
    186 depuis la dernière actualisation
  • Le résultat moyen est 8 sur 10
Statistiques - réponses
Question Réponse % Correct
Quelle langue chinoise obtient-on en enlevant une voyelle au mot mandarine ? mandarin
99%
Quel mot, rimant avec suprême, désigne le bijou en forme de couronne qui orne la tête des miss France ? diadème
95%
Quel code télégraphique utilise un alphabet fait de traits et de points ? morse
92%
En 1960, Marylin Monroe reçoit un Golden Globe, pour son interprétation dans "Certains l'aiment... chaud
90%
Quel arbre est représenté sur le drapeau du Liban ? cèdre
88%
Quel poisson est consommé frais sous le nom de cabillaud ? morue
76%
Quel est le prénom de la Roumaine Comaneci, première gymnaste à avoir obtenu un 10 au jeux Olympiques ? Nadia
75%
Quel animal est le héros du film d'animation "Fantastic Mr. Fox" ? renard
69%
A l'époque de la Renaissance, quel roi de France avait pour emblême la salamandre ? François Ier
42%
À quel auteur dramatique doit-on la pièce “Un fil à la patte” ? Georges Feydeau
37%
Aucun quiz correspondant
Distribution des résultats
% des personnes avec chaque résultat
Percentile par nombre de réponses
Votre historique - résultats
Vous n’avez pas pris ce quiz depuis la dernière actualisation